[Event "10th Beirut Open-ch 2019"]
[Site "Beirut"]
[Date "2019.04.25"]
[Round "1.1"]
[White "Bernadskiy, Vitaliy"]
[Black "Nassar, Marc"]
[Result "1-0"]
[WhiteElo "2587"]
[BlackElo "1909"]
[Annotator "TA"]
[PlyCount "55"]
[EventDate "2019.04.25"]
[EventType "swiss"]
[EventRounds "9"]
[EventCountry "LBN"]
[SourceTitle "playchess.com"]
[Source "ChessBase"]
[SourceQuality "1"]

{[%evp 16,55,32,0,0,0,0,0,0,0,0,0,7,-55,-3,-8,-3,-6,-18,-49,-22,-23,10,-18,-25,-29,-15,-29,-25,-48,70,75,69,74,89,80,81,77,406,402,1057,1057]} 1. e4 c5 2. Nf3 e6 3. d4 cxd4 4. Nxd4 Nf6 5. Nc3 Nc6 6. Be2 Bb4 7. O-O Bxc3 8. bxc3 Nxe4 9. Qd3 d5 {B45: Sicilian Four Knights} 10. Ba3 Qa5 11. Nb5 a6 $1 {[%cal Ra6b5] The position is equal.} 12. Nd6+ Nxd6 13. Bxd6 Ne7 {[#]} 14. Bb4 $146 (14. Bxe7 $11 Kxe7 15. c4) ({Predecessor:} 14. c4 Nf5 15. Bf4 dxc4 16. Qxc4 Bd7 17. Bd3 {½-½ (79) Riff,J (2502)-Nataf,I (2541) Mulhouse 2011}) 14... Qd8 (14... Qc7 $15) 15. c4 $11 O-O 16. cxd5 exd5 17. c4 Bf5 18. Qb3 Be6 19. Rfd1 Re8 20. Bc3 Qc7 {[%cal Rd5c4]} 21. Qb2 f6 22. Bh5 Rf8 ({Reject} 22... Qxc4 $6 23. Bxe8 Rxe8 24. Rac1 $16) (22... dxc4 $15 23. Bxe8 Rxe8) 23. Bb4 $1 $14 {And now Re1 would win.} Bf7 24. Bxf7+ Rxf7 25. cxd5 {aiming for d6.} Qd7 26. Rac1 Nxd5 $2 {[%mdl 8192] [#]} (26... Qa4 $16) 27. Qb3 $1 $18 ({Not} 27. Rc5 Nxb4 28. Rxd7 Rxd7 $16) 27... Rd8 {[#]} (27... Rc8 $142 28. Rxc8+ Qxc8 29. Rxd5 h6) 28. Rxd5 $1 {[%mdl 512] Accuracy: White = 64%, Black = 46%.} 1-0

[Event "10th Beirut Open-ch 2019"]
[Site "Beirut"]
[Date "2019.04.25"]
[Round "1.2"]
[White "Muhssen, Fared Saleh"]
[Black "Bajarani, Ulvi"]
[Result "0-1"]
[WhiteElo "1898"]
[BlackElo "2470"]
[Annotator "TA"]
[PlyCount "86"]
[EventDate "2019.04.25"]
[EventType "swiss"]
[EventRounds "9"]
[EventCountry "LBN"]
[SourceTitle "playchess.com"]
[Source "ChessBase"]
[SourceQuality "1"]

{[%evp 9,86,-6,-7,-72,-21,-59,-40,-64,-64,-139,-62,-66,-77,-136,-122,-135,-139,-149,-145,-128,-116,-143,-124,-112,-117,-183,-166,-175,-164,-146,-112,-120,-114,-116,-118,-116,-120,-107,-105,-132,-136,-164,-162,-166,-108,-109,-92,-119,-119,-127,-115,-193,-121,-122,-118,-128,-119,-250,-250,-339,-277,-303,-320,-1024,-1020,-1020,-1000,-999,-990,-994,-908,-5057,-3449,-4133,-4133,-29971,-29973,-5281,-5093]} 1. d4 d5 2. c4 c6 3. Nf3 Nf6 4. Nc3 dxc4 5. e3 b5 6. a3 {D15: Slav Defence: 4 Nc3 a6 and gambit lines after 4 Nc3 dxc4} (6. a4 $11 {keeps the balance.}) (6. a4 b4 7. Na2 e6 8. Bxc4 Nbd7 9. O-O Bd6 10. b3 Bb7 11. Bb2 O-O 12. Nc1 c5 13. Nd3 a5 14. Rc1 Rc8 15. Qe2 cxd4 16. Nxd4 Nc5 17. Nxc5 Rxc5 18. Nb5 Bb8 19. Rfd1 Qe7 20. f3 Rfc8 21. Bd3 Rxc1 22. Rxc1 Rxc1+ {½-½ (22) Demuth,A (2538)-Libiszewski,F (2530) Palmerston North 2018}) 6... Nbd7 (6... e6 $17) 7. b3 $146 ({Predecessor:} 7. Be2 e6 8. O-O Be7 9. Na2 O-O 10. b3 cxb3 11. Qxb3 a6 12. Nb4 Bb7 13. Qd3 c5 14. dxc5 Nxc5 {0-1 (24) McCarty,A (685)-Saganauer,R (1155) LSS email 2011}) 7... cxb3 $1 8. Qxb3 {Black is slightly better.} e6 9. Bd3 {[#]} (9. e4 $15) 9... Bd6 ({Black should try} 9... Nc5 $1 $17 {[%mdl 512]} 10. Qc2 (10. dxc5 Qxd3) 10... Nxd3+ 11. Qxd3 a6) 10. O-O O-O 11. e4 (11. Ne4 $142 Nxe4 12. Bxe4) 11... e5 $17 12. d5 Nc5 13. Qc2 cxd5 14. Bg5 Nxd3 15. Qxd3 dxe4 16. Nxe4 {Strongly threatening Bxf6.} Be7 17. Nxf6+ (17. Nxe5 $17 Qxd3 18. Nxd3) 17... Bxf6 $19 18. Qe4 {[#] Hoping for Bxf6.} Rb8 $1 ({Worse is} 18... Bxg5 19. Nxg5 Qxg5 20. Qxa8 $14) 19. Bxf6 Qxf6 20. Qxe5 Qxe5 21. Nxe5 Be6 22. Rfc1 Rb7 23. f3 g6 24. Kf2 Rd8 25. Rd1 Rxd1 26. Rxd1 {[%mdl 4096] Endgame [#] KRB-KRN} a5 (26... Rc7 $1 $19 27. Rd6 Rc2+ 28. Kg3 Ra2) 27. Nc6 $17 Rb6 28. Nd4 Bc4 29. Rb1 b4 30. Ke3 (30. axb4 $17 axb4 31. Ke3) 30... Kg7 ({Black should play} 30... b3 $19 {aiming for ...b2.} 31. Kd2 a4) 31. axb4 axb4 {[%cal Ba5b4,Bb4b3,Bb3a2][%mdl 32]} 32. Rb2 Kf6 33. Nc2 (33. g3 $17) 33... b3 $19 {White must now prevent ...Re6+.} 34. Nd4 Ra6 35. Kd2 Ra2 36. Rxa2 $2 (36. Kc3 Rxb2 37. Kxb2) 36... bxa2 {KB-KN} 37. Nc2 Bb3 38. Na1 Ba4 39. Kc3 Ke5 40. Kb2 Kd4 41. Kxa2 Ke3 42. Nb3 Bxb3+ 43. Kxb3 Kf2 {Accuracy: White = 22%, Black = 86%.} 0-1

[Event "10th Beirut Open-ch 2019"]
[Site "Beirut"]
[Date "2019.04.25"]
[Round "1.3"]
[White "Khodashenas, Mersad"]
[Black "Hassweh, Mwaffaq"]
[Result "1-0"]
[WhiteElo "2467"]
[BlackElo "1866"]
[Annotator "ChessBase"]
[PlyCount "69"]
[EventDate "2019.04.25"]
[EventType "swiss"]
[EventRounds "9"]
[EventCountry "LBN"]
[SourceTitle "playchess.com"]
[Source "ChessBase"]
[SourceQuality "1"]
[TimeControl "5400+30"]

1. e4 {[%emt 0:00:00]} e5 {[%emt 0:00:17]} 2. Nf3 {[%emt 0:00:00]} Nf6 {[%emt 0:00:18]} 3. Nxe5 {[%emt 0:00:00]} d6 {[%emt 0:00:20]} 4. Nf3 {[%emt 0:00:09]} Nxe4 {[%emt 0:00:04]} 5. c4 {[%emt 0:00:17]} Nc6 {[%emt 0:03:34]} 6. Nc3 {[%emt 0:00:59]} Nf6 {[%emt 0:00:37]} 7. d4 {[%emt 0:00:30]} Be7 {[%emt 0:00:27]} 8. d5 {[%emt 0:05:59]} Ne5 {[%emt 0:01:35]} 9. Nd4 {[%emt 0:00:12]} c6 {[%emt 0:01:33]} 10. f4 {[%emt 0:04:58]} Ng6 {[%emt 0:06:13]} 11. dxc6 {[%emt 0:00:26]} bxc6 {[%emt 0:00:22]} 12. Nxc6 {[%emt 0:00:30]} Qb6 {[%emt 0:00:12]} 13. Nxe7 {[%emt 0:00:19]} Nxe7 {[%emt 0:00:15]} 14. Qb3 {[%emt 0:02:59]} Qd8 {[%emt 0:08:15]} 15. Be2 {[%emt 0:01:45]} Bd7 {[%emt 0:00:20]} 16. Be3 {[%emt 0:01:51]} O-O {[%emt 0:00:34]} 17. O-O {[%emt 0:05:08]} Bg4 {[%emt 0:03:23]} 18. Qd1 {[%emt 0:09:04]} Bxe2 {[%emt 0:02:48]} 19. Qxe2 {[%emt 0:00:17]} Re8 {[%emt 0:00:09]} 20. Qd3 {[%emt 0:01:40]} d5 {[%emt 0:00:28]} 21. Rad1 {[%emt 0:01:32]} Qc8 {[%emt 0:08:34]} 22. cxd5 {[%emt 0:01:21]} Nf5 {[%emt 0:05:34]} 23. Bd4 {[%emt 0:01:40]} Ng4 {[%emt 0:02:42]} 24. Rfe1 {[%emt 0:00:38]} Nxd4 {[%emt 0:03:04]} 25. Qxd4 {[%emt 0:01:06]} Qb7 {[%emt 0:02:21]} 26. b3 {[%emt 0:02:27]} Rac8 {[%emt 0:02:07]} 27. d6 {[%emt 0:03:54]} Rxe1+ {[%emt 0:00:38]} 28. Rxe1 {[%emt 0:00:06]} Nf6 {[%emt 0:01:34]} 29. h3 {[%emt 0:01:10]} Qc6 {[%emt 0:00:10]} 30. Ne4 {[%emt 0:01:16]} Nd5 {[%emt 0:01:04]} 31. Rd1 {[%emt 0:11:18]} Nxf4 {[%emt 0:02:03]} 32. Nf6+ {[%emt 0:00:16]} gxf6 {[%emt 0:00:24]} 33. Qxf4 {[%emt 0:00:06]} Qc5+ {[%emt 0:00:07]} 34. Kh1 {[%emt 0:00:07]} Qc2 {[%emt 0:00:43]} 35. Rf1 1-0

[Event "10th Beirut Open-ch 2019"]
[Site "Beirut"]
[Date "2019.04.25"]
[Round "1.5"]
[White "Karpatchev, Aleksandr"]
[Black "Ghnatios, Ralph"]
[Result "1-0"]
[WhiteElo "2423"]
[BlackElo "1838"]
[Annotator "TA"]
[PlyCount "67"]
[EventDate "2019.04.25"]
[EventType "swiss"]
[EventRounds "9"]
[EventCountry "LBN"]
[SourceTitle "playchess.com"]
[Source "ChessBase"]
[SourceQuality "1"]

{[%evp 23,67,37,43,43,81,87,96,113,124,64,52,47,110,111,128,98,97,91,112,93,89,89,88,85,127,112,131,101,97,101,104,64,50,52,91,78,214,222,256,262,29962,29942,29990,29991,29991,29992]} 1. e4 c5 2. c3 d5 3. exd5 Qxd5 4. d4 Nc6 5. Nf3 Bg4 6. Be2 cxd4 7. cxd4 e6 8. Nc3 Bb4 9. O-O Bxc3 10. bxc3 Nf6 11. h3 Bh5 12. Rb1 O-O 13. c4 $146 {B22: Sicilian: 2 c3} ({Predecessor:} 13. Rb5 Qxa2 14. Rxb7 Rab8 15. Rc7 Rfc8 16. Rxc8+ Rxc8 17. Qd2 Qxd2 18. Bxd2 Ne4 19. g4 Bg6 20. Ra1 Rb8 {½-½ (66) Piotrowski,A (1929)-Malec,S (1740) Grodzisk Mazowiecki 2007}) 13... Qe4 14. Be3 ({Don't play} 14. Rxb7 Nxd4 15. Rb2 Bxf3 $15) 14... Rfd8 15. Qb3 {And now Bd3 would win.White is better.} Na5 16. Qc3 (16. Qb5 $16 Qc2 17. Rb2 (17. Qxa5 Qxe2 18. Ne5 b6 $16)) 16... b6 $14 17. Bd3 Qb7 {[#]} (17... Qc6 $14) 18. Qxa5 $1 $16 Qxf3 19. gxf3 bxa5 20. Kg2 Rab8 21. Rfd1 (21. Rxb8 {with more complications.} Rxb8 22. Rc1 Bg6 23. Bf1 Rb2 24. d5) 21... Bg6 22. Rxb8 Rxb8 23. Bf1 Kf8 24. d5 exd5 25. cxd5 Rb1 26. Rd2 Bf5 27. d6 ({Much worse is} 27. Bxa7 $6 Bxh3+ 28. Kxh3 Rxf1 $11) 27... Ke8 28. Ba6 Kd7 29. a4 Be6 (29... Kd8 $16) 30. Bb5+ $18 ({Not} 30. Bxa7 Nd5 $11) 30... Kd8 31. Bxa7 Nd5 $2 {[#]} (31... Bd7 $18) 32. Rxd5 $1 {[%mdl 576] Remove Defender, Promotion. White mates.} Bxd5 33. Bb6+ {[%mdl 64] Double Attack} Kc8 34. d7+ {Accuracy: White = 73%, Black = 36%.} 1-0

[Event "10th Beirut Open-ch 2019"]
[Site "Beirut"]
[Date "2019.04.25"]
[Round "1.6"]
[White "Djikerian, Rafi"]
[Black "Cherniaev, Alexander"]
[Result "0-1"]
[WhiteElo "1833"]
[BlackElo "2401"]
[Annotator "TA"]
[PlyCount "64"]
[EventDate "2019.04.25"]
[EventType "swiss"]
[EventRounds "9"]
[EventCountry "LBN"]
[SourceTitle "playchess.com"]
[Source "ChessBase"]
[SourceQuality "1"]

{[%evp 13,64,-43,-32,-36,-33,-37,-8,-3,-13,-14,12,8,20,21,22,23,30,30,31,-31,0,0,-3,-42,-4,0,53,-58,36,-88,-77,-83,-91,-91,-86,-170,-166,-175,-159,-359,-226,-588,-485,-458,-473,-474,-459,-450,-366,-887,-881,-879,-863]} 1. e4 g6 2. Nc3 Bg7 3. f4 c5 4. Nf3 Nc6 5. Bc4 e6 6. O-O Nge7 7. Qe1 a6 8. a3 {B23: Closed Sicilian: Lines without g3} (8. a4 Nb4 9. Qh4 Nxc2 10. Rb1 Nc6 11. Qxd8+ Kxd8 12. e5 f5 13. d3 d5 14. exd6 Kd7 15. Ng5 Nd8 {1-0 (39) Staub,G (2010)-Hoffmann,A (2135) Basel 2019}) 8... b5 9. Ba2 O-O 10. d3 {The position is equal.} d5 $146 ({Predecessor:} 10... Bb7 11. Qh4 Nd4 12. Nxd4 cxd4 13. Ne2 Rc8 14. Bb3 Nc6 15. Qxd8 Rfxd8 {1-0 (43) Pape,R (1849)-Behrendt,M (1516) Kiel 2013}) 11. e5 Nf5 12. Ne2 f6 {[%cal Rf6e5]} 13. g4 Nfe7 {[%cal Rf6e5]} 14. exf6 Bxf6 15. c3 Bg7 16. Ng3 (16. Qh4 $14) 16... Qd6 17. Bd2 Bd7 18. Qe2 Rae8 19. Rae1 Qc7 ({Black should play} 19... a5 $11) 20. b4 (20. Ng5 $14) 20... Qa7 (20... cxb4 $1 $15 21. cxb4 Qd6) 21. Kg2 (21. Be3 $14 {stays ahead.}) 21... a5 $17 22. Bb1 axb4 23. axb4 d4 $36 {[%mdl 2048] Black is on the roll.} 24. cxd4 (24. c4 $17) 24... cxb4 $19 25. Qe4 Nd5 {[%cal Rc6d4]} 26. Ne5 $2 (26. f5 $17 Nxd4 27. Nxd4 Qxd4 28. Qxd4 Bxd4 29. Ba2) 26... Nxd4 27. f5 $2 (27. Kh3 {is tougher.}) 27... Nf6 28. Qf4 exf5 {[#] Hoping for ...Nd5.} 29. Nxd7 Qxd7 30. Bxb4 {next Ba2+ is good for White.} Qd5+ 31. Kg1 $2 (31. Ne4 Nxg4 32. Bxf8 Bxf8 33. Kg1) 31... Rxe1 {[%mdl 64] [#] Overworked Piece} 32. Rxe1 Nf3+ {Accuracy: White = 32%, Black = 35%.} 0-1

[Event "10th Beirut Open-ch 2019"]
[Site "Beirut"]
[Date "2019.04.25"]
[Round "1.7"]
[White "Raetsky, Alexander"]
[Black "Attieh, Wael"]
[Result "1-0"]
[WhiteElo "2394"]
[BlackElo "1823"]
[Annotator "RC"]
[PlyCount "57"]
[EventDate "2019.04.25"]
[EventType "swiss"]
[EventRounds "9"]
[EventCountry "LBN"]
[SourceTitle "playchess.com"]
[Source "ChessBase"]
[SourceQuality "1"]
[TimeControl "5400+30"]

1. e4 e5 2. f4 d6 {[%emt 0:02:25]} 3. Nf3 {[%emt 0:00:23]} Nc6 {[%emt 0:00:30]} 4. Bb5 {[%emt 0:00:30]} exf4 {[%emt 0:00:30]} 5. d4 {[%emt 0:05:46]} Bd7 {[%emt 0:09:38]} 6. Bxf4 {[%emt 0:00:54]} Nf6 {[%emt 0:07:21]} 7. Nc3 {[%emt 0:02:10]} a6 {[%emt 0:06:19]} 8. Be2 {[%emt 0:05:23]} Be7 {[%emt 0:15:05]} 9. O-O {[%emt 0:02:39]} O-O 10. h3 h6 {[%emt 0:08:28]} 11. a3 {[%emt 0:08:28]} Re8 {[%emt 0:04:18]} 12. Qd2 {[%emt 0:01:02]} Bf8 {[%emt 0:02:12]} 13. Bd3 {[%emt 0:00:26]} b5 {[%emt 0:07:12]} 14. Rae1 {[%emt 0:01:07]} b4 {[%emt 0:04:00]} 15. axb4 {[%emt 0:03:00]} Nxb4 {[%emt 0:00:30]} 16. Bc4 {[%emt 0:00:30]} c5 {[%emt 0:04:08]} 17. dxc5 {[%emt 0:09:51]} dxc5 {[%emt 0:01:53]} 18. e5 {[%emt 0:00:11]} Nh7 {[%emt 0:01:28]} 19. Rd1 {[%emt 0:04:14]} Be6 {[%emt 0:03:12]} 20. Bxe6 {[%emt 0:00:36]} fxe6 {[%emt 0:00:15]} 21. Qe2 {[%emt 0:00:08]} Qb6 {[%emt 0:05:24]} 22. Ne4 {[%emt 0:05:26]} Nd5 {[%emt 0:04:29]} 23. Bc1 {[%emt 0:00:15]} Rad8 {[%emt 0:01:55]} 24. Kh1 {[%emt 0:05:12]} Nb4 {[%emt 0:03:58]} 25. c3 {[%emt 0:01:15]} Nd5 {[%emt 0:00:30]} 26. Nd6 {[%emt 0:04:45]} Bxd6 {[%emt 0:00:51]} 27. exd6 {[%emt 0:00:02]} Rxd6 {[%emt 0:01:50]} 28. Ne5 {[%emt 0:00:12]} Ndf6 {[%emt 0:02:12]} 29. Nc4 {[%emt 0:00:31]} 1-0

[Event "10th Beirut Open-ch 2019"]
[Site "Beirut"]
[Date "2019.04.25"]
[Round "1.8"]
[White "Al Onizan, Fahad M"]
[Black "Ivanov, Mikhail M"]
[Result "0-1"]
[WhiteElo "1822"]
[BlackElo "2372"]
[PlyCount "84"]
[EventDate "2019.04.25"]
[EventType "swiss"]
[EventRounds "9"]
[EventCountry "LBN"]
[TimeControl "5400+30"]

1. e4 c5 2. Nf3 a6 3. d4 cxd4 4. Nxd4 Nf6 5. Nc3 e5 6. Nb3 Bb4 7. Bg5 h6 8. Bxf6 Bxc3+ 9. bxc3 Qxf6 10. Qd5 O-O 11. Rd1 Nc6 12. Be2 Rd8 13. Qd6 Qxd6 14. Rxd6 Kf8 15. O-O Ke7 16. Rfd1 Nd4 17. Nxd4 Kxd6 18. Nf5+ Kc7 19. Nd6 f6 20. a4 b6 21. Bg4 Bb7 22. Nf7 Bxe4 23. Nxd8 Rxd8 24. Rc1 Bc6 25. Be2 a5 26. Ra1 d5 27. f3 d4 28. cxd4 Rxd4 29. c4 Rd2 30. Kf2 Rb2 31. Ke3 Rb4 32. Kd2 Rxa4 33. Rxa4 Bxa4 34. Kc3 Kd6 35. Bd3 Kc5 36. h4 Bd7 37. g3 Be6 38. Be2 a4 39. Bd1 a3 40. Bb3 b5 41. cxb5 a2 42. Bxa2 Bxa2 0-1

[Event "10th Beirut Open-ch 2019"]
[Site "Beirut"]
[Date "2019.04.25"]
[Round "1.9"]
[White "Eid, Fadi"]
[Black "Habash, Mohamad"]
[Result "1/2-1/2"]
[WhiteElo "2331"]
[BlackElo "1806"]
[PlyCount "88"]
[EventDate "2019.04.25"]
[EventType "swiss"]
[EventRounds "9"]
[EventCountry "LBN"]
[TimeControl "5400+30"]

1. d4 d5 2. Nc3 Nf6 3. Bg5 e6 4. e4 Be7 5. e5 Nfd7 6. h4 a6 7. Bxe7 Qxe7 8. f4 c5 9. Nf3 Nc6 10. Qd2 Nb6 11. Rh3 cxd4 12. Nxd4 Qb4 13. O-O-O Bd7 14. a3 Qxd4 15. Qxd4 Nxd4 16. Rxd4 Bc6 17. Na2 Rc8 18. b3 Ke7 19. Rg3 g6 20. a4 Rc7 21. Rc3 Rhc8 22. Kd2 Nd7 23. Nb4 f6 24. Nxc6+ Rxc6 25. Rxc6 Rxc6 26. exf6+ Nxf6 27. Bd3 Kd6 28. Rb4 b6 29. Bxa6 Ne4+ 30. Kc1 Kc5 31. Rb5+ Kd4 32. Bb7 Rd6 33. a5 bxa5 34. Rxa5 Ke3 35. c4 dxc4 36. bxc4 Rb6 37. Rb5 Rxb5 38. cxb5 Nd6 39. Bc6 Nxb5 40. Bxb5 Kxf4 41. Kd2 Kg3 42. Bc6 Kxh4 43. Ke2 Kg3 44. Kf1 h5 1/2-1/2

[Event "10th Beirut Open-ch 2019"]
[Site "Beirut"]
[Date "2019.04.25"]
[Round "1.10"]
[White "Slim, Nadim"]
[Black "Khairallah, Faisal"]
[Result "0-1"]
[WhiteElo "1781"]
[BlackElo "2255"]
[PlyCount "54"]
[EventDate "2019.04.25"]
[EventType "swiss"]
[EventRounds "9"]
[EventCountry "LBN"]
[TimeControl "5400+30"]

1. e4 c5 2. Nf3 Nc6 3. d4 cxd4 4. Nxd4 Qb6 5. Nb3 Nf6 6. Nc3 e6 7. Be3 Qc7 8. a3 a6 9. f4 d6 10. Bd3 b5 11. O-O Be7 12. Qe2 O-O 13. h3 Re8 14. Qf2 Rb8 15. Ne2 Bf8 16. g4 Nd7 17. Ng3 Nb6 18. Nd2 d5 19. e5 d4 20. Nge4 dxe3 21. Qh4 h6 22. Nf3 Nd5 23. g5 Nce7 24. gxh6 Ng6 25. Qg3 Ndxf4 26. hxg7 Bxg7 27. Nf6+ Bxf6 0-1

[Event "10th Beirut Open-ch 2019"]
[Site "Beirut"]
[Date "2019.04.25"]
[Round "1.11"]
[White "El Jawich, Amro"]
[Black "Hasan Ali Prince"]
[Result "1-0"]
[WhiteElo "2238"]
[BlackElo "1854"]
[PlyCount "61"]
[EventDate "2019.04.25"]
[EventType "swiss"]
[EventRounds "9"]
[EventCountry "LBN"]
[TimeControl "5400+30"]

1. e4 c5 2. Nc3 d6 3. f4 Nf6 4. Nf3 e6 5. d4 cxd4 6. Nxd4 a6 7. Be2 Qc7 8. O-O Be7 9. Kh1 O-O 10. Bf3 Nbd7 11. Qe1 Rd8 12. g4 Ne8 13. g5 b5 14. a3 Nb6 15. Bg2 Bb7 16. f5 exf5 17. Nxf5 Bf8 18. Qg3 Kh8 19. Be3 Nc4 20. Bd4 Ne5 21. Rf4 f6 22. Ne3 Qf7 23. Raf1 Be7 24. Ncd5 Bxd5 25. Nxd5 Rac8 26. Bb6 Rd7 27. Bh3 Rxc2 28. Bxd7 Nxd7 29. g6 hxg6 30. Qh3+ Kg8 31. Rh4 1-0

[Event "10th Beirut Open-ch 2019"]
[Site "Beirut"]
[Date "2019.04.25"]
[Round "1.12"]
[White "Al Azmi, Khalaf"]
[Black "Najjar, Ahmad"]
[Result "0-1"]
[WhiteElo "1740"]
[BlackElo "2233"]
[PlyCount "100"]
[EventDate "2019.04.25"]
[EventType "swiss"]
[EventRounds "9"]
[EventCountry "LBN"]
[TimeControl "5400+30"]

1. e4 c5 2. Nf3 g6 3. d4 cxd4 4. Nxd4 Bg7 5. Be3 Nf6 6. Nc3 O-O 7. e5 Ne8 8. f4 d6 9. Nf3 Bg4 10. Be2 Nc6 11. exd6 Nxd6 12. O-O Qa5 13. Bd2 Rad8 14. Qc1 Bxf3 15. Bxf3 Nc4 16. Be1 Nd4 17. Bd1 Nf5 18. Rf3 Qb6+ 19. Kh1 Qxb2 20. Be2 Qxc1 21. Rxc1 Ncd6 22. Bd3 Rc8 23. Nd5 Rfe8 24. c4 e6 25. Ne3 Nxe3 26. Rxe3 b5 27. c5 Bd4 28. Re2 Rxc5 29. Rd1 Rd5 30. Bb4 Rd8 31. Bc2 a6 32. Red2 Nc4 33. Re2 Ne3 34. Rde1 Nxc2 35. Rxc2 Bf6 36. g3 h5 37. Rc6 Ra8 38. Ba5 Bd8 39. Bxd8 Rdxd8 40. Rc7 Rd2 41. Ra1 Rb2 42. a3 Rd8 43. Ra7 Rdd2 44. Rc1 Rxh2+ 45. Kg1 Rbg2+ 46. Kf1 Rf2+ 47. Kg1 Rhg2+ 48. Kh1 Rxg3 49. Rcc7 Rxf4 50. Kh2 Rxa3 0-1

[Event "10th Beirut Open-ch 2019"]
[Site "Beirut"]
[Date "2019.04.25"]
[Round "1.13"]
[White "Dimitrijevic, Aleksandra"]
[Black "Terzian, Kevork"]
[Result "1-0"]
[WhiteElo "2175"]
[BlackElo "1731"]
[PlyCount "63"]
[EventDate "2019.04.25"]
[EventType "swiss"]
[EventRounds "9"]
[EventCountry "LBN"]
[TimeControl "5400+30"]

1. e4 d6 2. d4 g6 3. Be3 Bg7 4. c3 Nf6 5. f3 Nbd7 6. Bd3 c5 7. Ne2 O-O 8. O-O cxd4 9. cxd4 e5 10. Nbc3 exd4 11. Bxd4 a6 12. a4 Ne5 13. Bc2 Qc7 14. Kh1 b6 15. f4 Nc6 16. Bg1 Bb7 17. Qd2 Rad8 18. Qe3 Nd7 19. Nd5 Qb8 20. Nxb6 Bxb2 21. Rab1 Bg7 22. Nd5 Rde8 23. Qb3 Nd8 24. Rfc1 Nc5 25. Qb4 Qc8 26. Nec3 Bxd5 27. Nxd5 Ndb7 28. Bd4 Bxd4 29. Qxd4 Ne6 30. Nf6+ Kh8 31. Qb2 Re7 32. Nd5+ 1-0

[Event "10th Beirut Open-ch 2019"]
[Site "Beirut"]
[Date "2019.04.25"]
[Round "1.14"]
[White "Hanna, Elie"]
[Black "EL Mahmoud, AbdulAziz"]
[Result "1-0"]
[WhiteElo "1726"]
[BlackElo "2108"]
[PlyCount "55"]
[EventDate "2019.04.25"]
[EventType "swiss"]
[EventRounds "9"]
[EventCountry "LBN"]
[TimeControl "5400+30"]

1. e4 g6 2. d4 Bg7 3. f4 d6 4. Nf3 a6 5. Bc4 b5 6. Bb3 Bb7 7. O-O Nh6 8. Qe1 d5 9. e5 e6 10. c3 Nd7 11. h3 c5 12. Be3 Nf5 13. Bf2 cxd4 14. cxd4 h5 15. Bc2 a5 16. Nc3 b4 17. Nb5 Ba6 18. Bd3 Kf8 19. a4 bxa3 20. Rxa3 Bb7 21. Bxf5 gxf5 22. Nd6 Ba6 23. Bh4 Qb6 24. Qxa5 Qxa5 25. Rxa5 Bh6 26. Rfa1 Nb8 27. b4 Kg7 28. b5 1-0

[Event "10th Beirut Open-ch 2019"]
[Site "Beirut"]
[Date "2019.04.25"]
[Round "1.15"]
[White "Sursock, Sameer"]
[Black "Moughames, Ronald"]
[Result "1/2-1/2"]
[WhiteElo "2048"]
[BlackElo "1721"]
[PlyCount "152"]
[EventDate "2019.04.25"]
[EventType "swiss"]
[EventRounds "9"]
[EventCountry "LBN"]
[TimeControl "5400+30"]

1. Nf3 Nf6 2. g3 c6 3. Bg2 g6 4. O-O Bg7 5. d4 O-O 6. c4 d6 7. Nc3 Qa5 8. h3 Be6 9. d5 Bd7 10. Nd4 c5 11. Nc2 b5 12. cxb5 Bxb5 13. Bd2 Ba6 14. Rb1 Qc7 15. Re1 Nbd7 16. Rc1 Ne5 17. b3 Rab8 18. f4 Ned7 19. e4 Ne8 20. Qf3 Qb6 21. Kh2 Nc7 22. Ne3 c4 23. bxc4 Nc5 24. Rb1 Qa5 25. e5 Nd3 26. Rf1 Rxb1 27. Rxb1 Ne8 28. Qf1 Nc5 29. Ne4 Qc7 30. Bc3 Nxe4 31. Bxe4 dxe5 32. f5 Nd6 33. Bd3 e4 34. Bxg7 Kxg7 35. Be2 Qc5 36. Qf4 f6 37. h4 Qa3 38. Rf1 Qxa2 39. Rf2 Qa3 40. c5 Bxe2 41. cxd6 Bd3 42. d7 Qd6 43. Qxd6 exd6 44. Rb2 Rd8 45. Rb7 a6 46. Ng2 g5 47. Kg1 Bb5 48. Kf2 Rxd7 49. Rb6 Bc4 50. Ke3 Bxd5 51. Rxa6 Bb7 52. Rb6 d5 53. Kd4 h6 54. Ne3 Rc7 55. Rd6 Kf7 56. Nxd5 Bxd5 57. Rxd5 Re7 58. Ke3 Ra7 59. hxg5 hxg5 60. Kxe4 Ra4+ 61. Ke3 Ra3+ 62. Kf2 g4 63. Rd4 Ra2+ 64. Ke3 Ra5 65. Rf4 Ra7 66. Rxg4 Ra1 67. Rb4 Rh1 68. Rb3 Kg7 69. Kf4 Rf1+ 70. Ke4 Re1+ 71. Re3 Rg1 72. Kf4 Rf1+ 73. Kg4 Rh1 74. Ra3 Rh2 75. Ra7+ Kf8 76. Ra4 Rh1 1/2-1/2

[Event "10th Beirut Open-ch 2019"]
[Site "Beirut"]
[Date "2019.04.25"]
[Round "1.16"]
[White "Haidar, Wassim"]
[Black "Moudallal, Tarek"]
[Result "0-1"]
[WhiteElo "1707"]
[BlackElo "2043"]
[PlyCount "98"]
[EventDate "2019.04.25"]
[EventType "swiss"]
[EventRounds "9"]
[EventCountry "LBN"]
[TimeControl "5400+30"]

1. e4 d5 2. exd5 Nf6 3. d4 Nxd5 4. c4 Nb6 5. Nc3 e5 6. d5 Bc5 7. Be3 Bxe3 8. fxe3 O-O 9. Qh5 f5 10. O-O-O N8d7 11. Nf3 Nf6 12. Qg5 Qe7 13. h4 h6 14. Qg3 Ng4 15. Re1 e4 16. Nd4 a6 17. Be2 Ne5 18. Ne6 Nbxc4 19. Nxf8 Nd3+ 20. Bxd3 exd3 21. Rd1 Nxb2 22. Ne6 Bxe6 23. d6 cxd6 24. Kxb2 Bc4 25. Qf4 d5 26. a3 Qc5 27. Qd4 Qa5 28. Rxd3 Rc8 29. Ra1 Rc5 30. Kc2 Rc6 31. Rdd1 b5 32. g4 fxg4 33. h5 Kh7 34. Qe5 Rf6 35. Qd4 g3 36. Qg4 b4 37. Ne2 Rc6 38. Qf5+ Kg8 39. Kd2 b3+ 40. Nc3 b2 41. Rab1 Rf6 42. Qc8+ Kh7 43. Rf1 Bxf1 44. Rxb2 Rf2+ 45. Ke1 Bc4 46. Rc2 Qxa3 47. Nd1 Rf1+ 48. Kd2 Qd3+ 49. Kc1 Rxd1+ 0-1

[Event "10th Beirut Open-ch 2019"]
[Site "Beirut"]
[Date "2019.04.25"]
[Round "1.17"]
[White "Novikova, Margarita"]
[Black "Arkadan, Adib"]
[Result "1-0"]
[WhiteElo "2032"]
[BlackElo "1686"]
[PlyCount "107"]
[EventDate "2019.04.25"]
[EventType "swiss"]
[EventRounds "9"]
[EventCountry "LBN"]
[TimeControl "5400+30"]

1. d4 Nf6 2. Nf3 g6 3. Nbd2 Bg7 4. e4 d6 5. h3 O-O 6. Be2 Nbd7 7. e5 Ne8 8. Nc4 h6 9. O-O b6 10. Ne3 Bb7 11. Ng4 h5 12. Nh6+ Bxh6 13. Bxh6 Ng7 14. exd6 cxd6 15. d5 Nf6 16. c4 Rc8 17. Nd4 Re8 18. Bd3 e5 19. dxe6 Nxe6 20. Bc2 d5 21. Ba4 Re7 22. Nxe6 Rxe6 23. cxd5 Qxd5 24. Qxd5 Nxd5 25. Bd7 Re2 26. Bxc8 Bxc8 27. Rfe1 Rxb2 28. Re8+ Kh7 29. Be3 Nxe3 30. Rxc8 Nf5 31. Rc7 Kg7 32. Rxa7 b5 33. Rd1 b4 34. Rd3 Rb1+ 35. Kh2 Rb2 36. Rf3 Kg8 37. g4 hxg4 38. hxg4 Nh6 39. Kh3 Kg7 40. Rb3 Rxb3+ 41. axb3 Kf6 42. f4 Ng8 43. Rb7 Ne7 44. Rb6+ Kg7 45. Rxb4 Nd5 46. Rd4 Nc3 47. Rc4 Nb5 48. Rc5 Nd6 49. b4 Kf6 50. Rc6 Ke7 51. Kh4 f6 52. f5 g5+ 53. Kh5 Ne4 54. Re6+ 1-0